000 00430nam a2200145Ia 4500
005 20260407090011.0
008 251127s9999 xx 000 0 und d
020 _a0750677325 (hardcover) |
082 _a658.575
_bANN-N
100 _aAnnacchino, Marc
245 0 _aNew Product Development : From Initial Idea to Product Management
260 _aBurlington
_bButterworth-Heinemann,
650 _aManagement Sciences
942 _cBK
999 _c7793
_d7793